Survivor Contestants Season 14: Fiji - Statistics

General Stats
  • This quiz has been taken 87 times
  • The average score is 14 of 19
Answer Stats
Finish Contestant % Correct
Winner Earl Cole
97%
2nd (tie) Andria "Dreamz" Herd
95%
3rd Yau-Man Chan
95%
2nd (tie) Cassandra Franklin
92%
7th Mookie Lee
86%
4th Kenward "Boo" Bernis
85%
11th James "Rocky" Reid
81%
9th Michelle Yi
81%
6th Alex Angarita
76%
8th Edgardo Rivera
75%
5th Stacy Kimball
75%
10th Lisi Linares
69%
12th Anthony Robinson
61%
15th Gary "Papa Smurf" Stritesky*
59%
18th Jessica DeBen
59%
13th Rita Verreos
59%
16th Sylvia Kwan
59%
17th Erica Durousseau
56%
14th Liliana Gomez
51%
No matching quizzes found
Score Distribution
Percent of People with Each Score
Percentile by Number Answered
Your Score History
You have not taken this quiz